Psicoterapia nella pratica medica : introduzione casistica /

Gespeichert in:
Bibliographische Detailangaben
1. Verfasser: Frankl, Viktor E. (Verfasst von)
Weitere Verfasser: Frick, Bruno, Gozzano, Mario
Format: Buch
Sprache:Italienisch
Veröffentlicht: Firenze : Editrice Universitaria, 1961
Ausgabe:1. rist
Schriftenreihe:Collezione psicologica
Schlagworte:
Tags: Tag hinzufügen
Keine Tags, Fügen Sie das erste Tag hinzu!

MARC

LEADER 00000nam a22000007i 4500
001 IT\ICCU\ANA\0018936
003 ItRI
005 20260115232356.0
008 961004s1961 it |||||| ||||| |||||c
040 |b ita  |c importazione bologna sebina 
041 7 |a ita  |2 ISO-639-2 
082 |a 616.8914  |9 DISTURBI PSICHICI. PSICOTERAPIA  |2 19 
100 1 |a Frankl, Viktor E.  |0 IT\ICCU\VIAV\099417  |4 aut 
240 1 4 |a Die psychotherapie in der praxis.  |3 IT\ICCU\NAP\0189152  |9 Frankl, Viktor E. 
245 1 0 |a Psicoterapia nella pratica medica :  |b introduzione casistica /  |c Viktor E. Frankl ; traduzione di Bruno Frick ; prefazione di Mario Gozzano. 
250 |a 1. rist 
260 |a Firenze :  |b Editrice Universitaria,  |c 1961 
300 |a 235 p. ;  |c 21 cm 
650 7 |a Psicoterapia 
700 1 |a Frick, Bruno  |0 IT\ICCU\BVEV\039941 
700 1 |a Gozzano, Mario  |0 IT\ICCU\RAVV\036832 
790 1 |a Frankl, Viktor Emil  |3 IT\ICCU\CFIV\165501  |z Frankl, Viktor E. 
790 1 |a Frankl, Viktor  |3 IT\ICCU\CFIV\187137  |z Frankl, Viktor E. 
830 0 |a Collezione psicologica  |0 IT\ICCU\BRI\0289939 
942 |2 ddc  |c BK  |n 0 
952 |0 0  |1 0  |4 0  |6 DOC_616_891000000000000_FRA  |7 0  |9 25058  |a BO  |b BO  |d 2026-01-15  |i 702  |l 0  |o DOC 616.891 FRA  |p BO702  |r 2026-01-15 23:23:56  |w 2026-01-15  |x [Sebina 7] [1 v.]  |y BK  |z 1 v. 
999 |c 21296  |d 21296